000 01588nam0a2200313 i 4500
001 RU\NLR\BIBL_A\011335387
005 20260408235037.0
010 _a9785947591057
_92000
021 _aRU
_b2017-5737
_9405
035 _a(NLR Aleph) 011335387
090 _a11158360
_c11158360
100 _a20170228d2016 km y0rusy50 ca
101 0 _arus
102 _aRU
105 _aa|||w|||000zy
200 1 _aТолковый апостол
_eдеяния святых апостолов, изъясненные профессором Московской Духовной Академии Димитрием Боголеповым
_eпоследовательное истолковательное чтение
210 _aМосква
_cПравило веры
_d2016
215 _a319 с.
_cил.
_d17
300 _aНа обл. подзаг.: деяния святых апостолов изъясненные Димитрием Боголеповым; на корешке: деяния
500 _aБиблия
_iН.З.
_iДеяния апостолов
_lПереработки
_3RU\NLR\AUTH\559325
_92631343
605 _aБиблия
_iНовый Завет
_iДеяния Апостолов
_xТолкование
_92179215
_3RU\NLR\AUTH\661310584
686 _aЭ37-220.912,0
_2rubbk
686 2 _aЭ37-220.912
702 1 _4570
_aБоголепов
_bД. П.
_f1845-1880
_gДмитрий Павлович
_9171082
_3RU\NLR\AUTH\770171132
942 _cBOOK
980 _aNBR